| 000 | 00429nam a2200193Ia 4500 | ||
|---|---|---|---|
| 003 | OSt | ||
| 005 | 20251125121351.0 | ||
| 008 | 250729s1993 xx 000 0 und d | ||
| 020 | _a 978-8181580825 | ||
| 040 | _cAL | ||
| 041 | _aeng | ||
| 082 | _a823 ALUW | ||
| 100 |
_aAlwyn Heidi Toffler _9224795 |
||
| 245 | _aWar & anti-war | ||
| 260 | _c1993 | ||
| 300 | _a411p | ||
| 650 |
_aFiction _9224796 |
||
| 942 |
_2ddc _cBED |
||
| 999 |
_c236592 _d236592 |
||